ইউরোপের অগ্নিকোণে / (Record no. 71147)
[ view plain ]
| 000 -LEADER | |
|---|---|
| fixed length control field | 00746nam a2200217 a 4500 |
| 001 - CONTROL NUMBER | |
| control field | 71147 |
| 003 - CONTROL NUMBER IDENTIFIER | |
| rucl marc code | BD-RjUL |
| 005 - DATE AND TIME OF LATEST TRANSACTION | |
| control field | 20211209082101.0 |
| 008 - FIXED-LENGTH DATA ELEMENTS--GENERAL INFORMATION | |
| fixed length control field | 170427s1954 ii ||||| |||| 00| 0 ben d |
| 035 ## - SYSTEM CONTROL NUMBER | |
| System control number | (BD-RjUL)71362 |
| 040 ## - CATALOGING SOURCE | |
| Original cataloging agency | BD-RjUL |
| Language of cataloging | eng |
| Transcribing agency | BD-RjUL |
| 041 ## - LANGUAGE CODE | |
| Language code of text/sound track or separate title | eng |
| 082 ## - DEWEY DECIMAL CLASSIFICATION NUMBER | |
| Edition number | 23 |
| Classification number | 914 |
| Author mark and year | GHE 1954 |
| 100 ## - MAIN ENTRY--PERSONAL NAME | |
| Personal name | ঘোষ, বিমল |
| 9 (RLIN) | 210493 |
| 245 10 - TITLE STATEMENT | |
| Title | ইউরোপের অগ্নিকোণে / |
| Statement of responsibility, etc. | বিমল ঘোষ (মৌমাছি) |
| 260 ## - PUBLICATION, DISTRIBUTION, ETC. (IMPRINT) | |
| Place of publication, distribution, etc. | কলিকাতা : |
| Name of publisher, distributor, etc. | মিত্র ও ঘোষ , |
| Date of publication, distribution, etc. | ১৯৫৪. |
| 300 ## - PHYSICAL DESCRIPTION | |
| Pagination | ৩৬৪ পৃ. : |
| Illustrations | চিত্র ; |
| Size | ১৮ সেমি. |
| 650 ## - SUBJECT ADDED ENTRY--TOPICAL TERM | |
| Topical term or geographic name as entry element | ভ্রমণ |
| Geographic subdivision | ইউরোপ |
| 9 (RLIN) | 120328 |
| Topical term or geographic name as entry element | Travels |
| Geographic subdivision | Euproe. |
| 9 (RLIN) | 210494 |
| 942 ## - ADDED ENTRY ELEMENTS (KOHA) | |
| Source of classification or shelving scheme | Dewey Decimal Classification |
| Koha item type | Books |
| Lost status | Source of classification or shelving scheme | Damaged status | Not for loan | Collection code | Permanent Location | Current Location | Shelving location | Date acquired | Source of acquisition | Cost, normal purchase price | Total Checkouts | Full call number | Date last seen | Copy number | Koha item type |
|---|---|---|---|---|---|---|---|---|---|---|---|---|---|---|---|
| Dewey Decimal Classification | Not For Loan | Non-fiction | Central Library, University of Rajshahi | Central Library, University of Rajshahi | Reading Room | 05/02/1958 | Kamala Book | 6.00 | B 914 GHE 1954 | 27/04/2017 | C-1 | Books |